Central Library OPAC University of Rajshahi

Recent advances in the biology of micro-organisms : (Record no. 12318)

MARC details
000 -LEADER
fixed length control field 00953nam a2200265 a 4500
001 - CONTROL NUMBER
control field 12318
003 - CONTROL NUMBER IDENTIFIER
rucl marc code BD-RjUL
005 - DATE AND TIME OF LATEST TRANSACTION
control field 20211208235255.0
008 - FIXED-LENGTH DATA ELEMENTS--GENERAL INFORMATION
fixed length control field 170521m19811980ii a b 011 0 eng d
035 ## - SYSTEM CONTROL NUMBER
System control number (BD-RjUL)12367
040 ## - CATALOGING SOURCE
Original cataloging agency DLC
Transcribing agency DLC
Modifying agency DLC
-- BD-RjUL
Language of cataloging eng
041 ## - LANGUAGE CODE
Language code of text/sound track or separate title eng
082 00 - DEWEY DECIMAL CLASSIFICATION NUMBER
Classification number 576.11
Edition number 23
Author mark and year REC 1981
245 00 - TITLE STATEMENT
Title Recent advances in the biology of micro-organisms :
Remainder of title a festschrift for Professor S.B. Saxsena, F.N.A. /
Statement of responsibility, etc. edited by K. S. Bilgrami, K. M. Vyas.
260 ## - PUBLICATION, DISTRIBUTION, ETC. (IMPRINT)
Place of publication, distribution, etc. Dehra Dun :
Name of publisher, distributor, etc. Bishen Singh Mahendra Pal Singh,
Date of publication, distribution, etc. 1980-1982
300 ## - PHYSICAL DESCRIPTION
Pagination Part :
Illustrations ill. ;
Size 26 cm.
504 ## - BIBLIOGRAPHY, ETC. NOTE
Bibliography, etc Includes bibliographies and indexes.
505 0# - FORMATTED CONTENTS NOTE
Formatted contents note Part- 1 -- Pt- 2 --
650 #0 - SUBJECT ADDED ENTRY--TOPICAL TERM
Topical term or geographic name as entry element Microorganisms
General subdivision Physiology.
9 (RLIN) 38239
Topical term or geographic name as entry element Plant diseases.
9 (RLIN) 38240
700 1# - ADDED ENTRY--PERSONAL NAME
Personal name Saxsena, S. B.
Fuller form of name (Shyam Bahadur),
Dates associated with a name 1917-
Personal name Bilgrami, K. S.
Personal name Vyas, K. M.
Fuller form of name (Krishna Murari),
Dates associated with a name 1942-2006.
942 ## - ADDED ENTRY ELEMENTS (KOHA)
Source of classification or shelving scheme Dewey Decimal Classification
Koha item type Books
Holdings
Lost status Source of classification or shelving scheme Damaged status Not for loan Collection code Permanent Location Current Location Shelving location Date acquired Source of acquisition Cost, normal purchase price Total Checkouts Full call number Date last seen Copy number Koha item type
  Dewey Decimal Classification   Not For Loan Non-fiction Central Library, University of Rajshahi Central Library, University of Rajshahi Reading Room 28/03/2000 Dhaka,Lucky Syndicat 700.00   576.11 REC Pt.-2 1981 28/01/2014 C-1 Books
  Dewey Decimal Classification   Not For Loan Non-fiction Central Library, University of Rajshahi Central Library, University of Rajshahi Reading Room 04/12/1986       576.11 REC Pt-2 1982 09/04/2017 C-1 Books
  Dewey Decimal Classification     Non-fiction Central Library, University of Rajshahi Central Library, University of Rajshahi   11/03/1981       576.11 REC Pt.-2 1981 21/05/2017 C-2 Books
  Dewey Decimal Classification     Non-fiction Central Library, University of Rajshahi Central Library, University of Rajshahi   04/12/1983       576.11 REC Pt.-2 1982 21/05/2017 C-3 Books
  Dewey Decimal Classification   Not For Loan Non-fiction Central Library, University of Rajshahi Central Library, University of Rajshahi Reading Room 11/03/1984       576.11 REC Pt.-1 1980 21/05/2017 C-1 Books
  Dewey Decimal Classification     Non-fiction Central Library, University of Rajshahi Central Library, University of Rajshahi   28/03/2000 Dhaka,Lucky Syndicat 700.00   576.11 REC Pt.-1 1980 21/05/2017 C-2 Books
  Dewey Decimal Classification     Non-fiction Central Library, University of Rajshahi Central Library, University of Rajshahi   09/08/1984 Tulip Enterprise, Dhaka 325.00   576.11 REC Pt.-1 1980 21/05/2017 C-3 Books
  Dewey Decimal Classification     Non-fiction Central Library, University of Rajshahi Central Library, University of Rajshahi   11/03/1984 Tulip Enterprises 3.25   576.11 REC Pt-1 1980 25/05/2017 C-4 Books
  Dewey Decimal Classification     Non-fiction Central Library, University of Rajshahi Central Library, University of Rajshahi   11/03/1984 Tulip Enterprises     576.11 REC Pt-2 1982 25/05/2017 C-4 Books
  Dewey Decimal Classification     Non-fiction Central Library, University of Rajshahi Central Library, University of Rajshahi   09/08/1984 A.B.A Cal 325.00   576.11 REC Pt-2 1981 25/05/2017 C-5 Books
  Dewey Decimal Classification     Non-fiction Central Library, University of Rajshahi Central Library, University of Rajshahi   11/03/1984 Tulip Enterprise, Dhaka 325.00   576.11 REC 1980 Pt. 1 23/10/2018 C-5 Books